000 00595nam a2200265Ia 4500
005 20260306164205.0
008 008 260114s9999 xx 000 0 eng d
020 _a9780823261291
037 _aEBOOK
040 _aCRL
040 _beng
040 _cCRL
041 _2eng
041 _aeng
084 _qCRL
100 _aVatter
245 4 _aThe Republic Of The Living
260 _bFordham University Press
260 _c2015
650 _aPhilosophy
856 _uhttps://academic.oup.com/book/22938
942 _cEBOOK
999 _c1713114
_d1713114